| 000 | 01030nam a2200253 i 4500 | ||
|---|---|---|---|
| 001 | 92318 | ||
| 003 | ES-MaACL | ||
| 005 | 20250627191010.0 | ||
| 007 | t| | ||
| 008 | 050224s1950 mx ||||1| spa d | ||
| 100 | 1 |
_aLida de Malkiel, María Rosa. _972210 |
|
| 245 | 1 | 0 |
_aJuan de Mena _b: poeta del Prerrenacimiento Español / _cpor María Rosa Lida de Malkiel. |
| 250 | _a[1ª. ed.]. | ||
| 260 |
_aMéxico : _bEl Colegio de México, _c1950 ( _eGráf. Panamericana) |
||
| 300 |
_a589 p. ; _c24 cm. |
||
| 500 | _aEs publicación de la Nueva Revista de Filología Hispánica I. | ||
| 510 |
_aCCPB, _c000952637-4 |
||
| 600 | 1 | 4 |
_aMena, Juan de, _d1411-1456 _980047 |
| 852 |
_aES-MaACL _jD-6515 _bR.31210 _bR.M.6106 _995689 _cSVI _fSello en tinta azul de la Biblioteca del Ateneo de Madrid _xEncuadernación holandesa en tela roja |
||
| 942 |
_2udc _cMONOGRAFIA |
||
| 999 |
_c92318 _d92318 |
||